000 00549nam a2200181 a 4500
001 000037727
005 20201002031115.0
008 130304s1983 sp c 000 0 spa d
020 _a8432058839
040 _aDO-SdBNP
_bspa
_cBNPHU
100 1 _aGarcía Serrano, Rafael
_963114
245 1 3 _aLa gran esperanza /
_cRafael García Serrano.
260 _aBarcelona :
_bPlaneta ,
_c1983.
300 _a280 p. :
_bretrs. ;
_c24 cm.
490 1 _aEspejo de España
_n82
500 _aPremio Espejo de España 1983
830 0 _aEspejo de España
_v82
_964193
999 _c37217
_d37217